Dolo eventual y tentativa de homicidio (Registro nro. 31388)
[ vista simple ]
| 000 -LEADER | |
|---|---|
| fixed length control field | 00339 a2200109 4500 |
| 001 - CONTROL NUMBER | |
| control field | ART_29928 |
| 005 - DATE AND TIME OF LATEST TRANSACTION | |
| control field | 20260410162002.0 |
| 008 - FIXED-LENGTH DATA ELEMENTS--GENERAL INFORMATION | |
| fixed length control field | 260409a |
| 100 1# - MAIN ENTRY--PERSONAL NAME | |
| Personal name | Pennisi, Andrés Ricardo |
| 245 10 - TITLE STATEMENT | |
| Title | Dolo eventual y tentativa de homicidio |
| 773 0# - HOST ITEM ENTRY | |
| Title | Intercátedras |
| Related parts | IV y V Encuentro 2013 - Nº 2 (jun. 2014) |
| Record control number | REV29919 |
No hay ítems disponibles.